Lexikon Danziger Komponisten (Mitte 19. bis Mitte 20. Jahrhundert)
| Titel: | Lexikon Danziger Komponisten (Mitte 19. bis Mitte 20. Jahrhundert) : Ein Beitrag zur Geschichte der lokalen Musikkultur |
|---|---|
| Verfasser: | |
| In: |
Musikalische Beziehungen zwischen Mitteldeutschland und Danzig im 18. Jahrhundert, (2002), Seite 227-312 alle Artikel anzeigen |
| Veröffentlicht: | 2002 |
| Format: | Aufsatz |
| Sprache: | Deutsch |
X
alg: 39159158 001A $01999:11-11-16 001B $01999:15-05-21 $t21:00:12.000 001D $01999:11-11-16 001U $0utf8 001X $00 002@ $0Aox 003@ $0391591584 007A $0391591584 $aHEB 007T $0Herd42553 010@ $ager 011@ $a2002 021A $aLexikon Danziger Komponisten (Mitte 19. bis Mitte 20. Jahrhundert) $dEin Beitrag zur Geschichte der lokalen Musikkultur 028A $#Loew, Peter $#Loew, Oliver $7128569336 $8Loew, Peter Oliver$Z1967- [Tp3] $9159052343 031A $h227-312 $j2002 039B $aIn $8--Aau--. Musikalische Beziehungen zwischen Mitteldeutschland und Danzig im 18. Jahrhundert. - Sinzig : Studio-Verl., 2002. - 312 S.. - Ill., Notenbeisp.. - ISBN 3-89564-074-3 $x200200000000000773 $9104601892 045F $a307.094382 $eDDC23BSB 045F/01 $a307.09 045F/03 $g4382 045F/03 $g43832 lok: 39159158 78 exp: 39159158 78 1 #EPN 201B/01 $026-11-17 $t23:15:18.000 201U/01 $0utf8 203@/01 $0787685917 208@/01 $a11-11-16 $be 209A/01 $a/ $f000 $x00 220C/01 $aTitelaufnehmer: ej;pg 244Z/01 $2Trx $#Prusy Wschodnie i Zachodnie $8--Trx--Ost- und Westpreußen $x01 $939113373X 244Z/01 $#Danzig $#Ville Libre de Danzig $#Dantzig $#Ville Libre de Dantzig $#Freistaat Danzig $#Gdańsk $#Freie Stadt Danzig $#Urząd Miejski w Gdańsku $#Gyddanzyc $#Gedanum $#Dantiscum $74011039-4 $8--Tg1--Danzig $x02 $9085022225 244Z/01 $aGeschichte 1850-1945 $x03 244Z/01 $2Trx $#heliloojad $#kompozitoriai $#composers $#zeneszerzök $#kompozytorzy $#skladatelia $#skladatelé $8--Trx--Komponisten $x04 $9391353837 244Z/01 $2Trx $#leksikonid, biograafilised $#biografiniai žodynai $#Lexicon, biographical $#lexikonok, biográfiai $#słowniki biograficzne $#slovníky, biografické $#slovníky biografické $#biographisches Lexikon $#biographisches Wörterbuch $#encyclopedia, biographical $8--Trx--Lexika, biographische $x05 $9391359959 244Z/01 $2Trx $8--Trx--Einzelbeiträge $x06 $9391384570 245Z/01 $a13.03 $x01 245Z/01 $a11.09 $x02 247C/01 $82080>Marburg/Lahn, Herder-Institut, Forschungsbibliothek, Bibliographieportal $9336309341
| LEADER | 00000caa a22000002c 4500 | ||
|---|---|---|---|
| 001 | 391591584 | ||
| 003 | DE-603 | ||
| 005 | 20210515210012.0 | ||
| 007 | tu | ||
| 008 | 161111s2002 xx |||| | u00||u|ger c | ||
| 035 | |a (DE-599)HEB391591584 | ||
| 040 | |a DE-603 |b ger |c DE-603 |d DE-603 | ||
| 041 | |a ger | ||
| 082 | 0 | 4 | |8 1\u |a 307.094382 |q DE-101 |2 23/BSB |
| 085 | |8 1\u |b 307.09 | ||
| 085 | |8 1\u |z 2 |s 4382 | ||
| 085 | |8 1\u |z 2 |s 43832 | ||
| 100 | 1 | |a Loew, Peter Oliver |d 1967- |0 (DE-603)159052343 |0 (DE-588)128569336 |2 gnd | |
| 245 | 0 | 0 | |a Lexikon Danziger Komponisten (Mitte 19. bis Mitte 20. Jahrhundert) |b Ein Beitrag zur Geschichte der lokalen Musikkultur |
| 264 | 0 | |c 2002 | |
| 773 | 0 | 8 | |i In |t Musikalische Beziehungen zwischen Mitteldeutschland und Danzig im 18. Jahrhundert |d Sinzig : Studio-Verl., 2002 |h 312 S., Ill., Notenbeisp. |z 3895640743 |g (2002), Seite 227-312 |w (DE-603)104601892 |
| 924 | 0 | |9 2080 |a (DE-603)787685917 |b DE-2080 |c HES |d d |g / | |


